书目信息 |
| 题名: |
国际贸易理论与政策
|
|
| 作者: | 李宏 , 赵晓晨 主编 | |
| 分册: | ||
| 出版信息: | 北京 清华大学出版社 2009 |
|
| 页数: | 304页 | |
| 开本: | 23cm | |
| 丛书名: | ||
| 单 册: | ||
| 中图分类: | F740 , F741 | |
| 科图分类: | ||
| 主题词: | 国际贸易--经济理论--教材 , 国际贸易政策--教材 , 国际贸易 , 经济理论 , 国际贸易政策 | |
| 电子资源: | ||
| ISBN: | 978-7-81123-699-6 | |
| 000 | 01068nam0 2200313 45 | |
| 001 | 1034519964 | |
| 005 | 20100319083114.98 | |
| 010 | @a978-7-81123-699-6@dCNY32.00 | |
| 100 | @a20100311d2009 em y0chiy50 ea | |
| 101 | 0 | @achi |
| 102 | @aCN@b110000 | |
| 105 | @ay z 000yy | |
| 106 | @ar | |
| 200 | 1 | @a国际贸易理论与政策@AGuo Ji Mao Yi Li Lun Yu Zheng Ce@f李宏,赵晓晨主编@FLi Hong, Zhao Xiao Chen Zhu Bian |
| 210 | @a北京@c清华大学出版社@c北京交通大学出版社@d2009 | |
| 215 | @a304页@d23cm | |
| 300 | @a现代国际商务系列教材/刘恩专主编 | |
| 330 | @a本书分为理论和政策两部分,帮助学生初步掌握和学会运用国际贸易中的基本理论、基本知识和基本技能,培养分析和解决国际贸易问题的能力,为进一步深造奠定良好的基础。 | |
| 606 | 0 | @a国际贸易@x经济理论@j教材 |
| 606 | 0 | @a国际贸易政策@j教材 |
| 606 | 0 | @a国际贸易 |
| 606 | 0 | @a经济理论 |
| 606 | 0 | @a国际贸易政策 |
| 690 | @aF740@v4 | |
| 690 | @aF741@v4 | |
| 701 | 0 | @a李宏@ALi Hong@4主编 |
| 701 | 0 | @a赵晓晨@AZhao Xiao Chen@4主编 |
| 801 | 0 | @aCN@bTANGWEI@c20100319 |
| 905 | @b0585888-92@dF740@e113@f5 | |
| 国际贸易理论与政策/李宏,赵晓晨主编.-北京:清华大学出版社:北京交通大学出版社,2009 |
| 304页;23cm |
| 现代国际商务系列教材/刘恩专主编 |
| ISBN 978-7-81123-699-6:CNY32.00 |
| 本书分为理论和政策两部分,帮助学生初步掌握和学会运用国际贸易中的基本理论、基本知识和基本技能,培养分析和解决国际贸易问题的能力,为进一步深造奠定良好的基础。 |
| ● |
| 相关链接 |
|
|
|
|
正题名:国际贸易理论与政策
索取号:F740/113
 
预约/预借
| 序号 | 登录号 | 条形码 | 馆藏地/架位号 | 状态 | 备注 |
| 1 | 0585888 | 205858883 | 第一样本阅览室/ [索取号:F740/113] | 在馆 | |
| 2 | 0585889 | 205858892 | 密集书库-海洋学院/ [索取号:F740/113] | 在馆 | |
| 3 | 0585890 | 205858909 | 第一借阅区/ [索取号:F740/113] | 在馆 | |
| 4 | 0585891 | 205858918 | 第一借阅区/ [索取号:F740/113] | 在馆 | |
| 5 | 0585892 | 205858927 | 第一借阅区/ [索取号:F740/113] | 在馆 |